Quick Pick: 'Miracle On Ice' Players In the NHL Quiz Stats

 Plays Quiz Updated Aug 7, 2019

Score 0/13 Timer 01:30
0 Plays Today
% Correct
Mark Johnson
82.3%
Jim Craig
80.9%
Mark Pavelich
80.4%
Ken Morrow
79.2%
Dave Christian
77.3%
Mike Ramsey
74.7%
Rob McClanahan
71.7%
Jack O'Callahan
71.7%
Neal Broten
71.1%
Dave Silk
65.2%
Steve Janaszak
59.6%
Steve Christoff
56.4%
Bill Baker
53.7%

Today's Daily Dose

You're not logged in!

Compare scores with friends on all Sporcle quizzes.
OR
Log In

Sporcle TV

Today on Sporcle TV


Watch our educational content, quiz creation guides, and fun videos on Sporcle TV.

Show Comments

Extras

Top Quizzes Today


Score Distribution

Your Account Isn't Verified!

In order to create a playlist on Sporcle, you need to verify the email address you used during registration. Go to your Sporcle Settings to finish the process.

Report this User

Report this user for behavior that violates our Community Guidelines.

Details: